000 00720cab a22001935a 4500
001 L152854
008 110506e20110421xxkd f 000 0 eng d
035 _a(Sirsi) u152854
041 0 _aeng
100 1 _aFordham, Peter
245 0 0 _aMarket forecast
_buncertainty rules
260 _c2011
490 0 _aBuilding
_v276(8675) 21 April 2011, 48-50(3)
520 _aTender prices are still falling while material prices and wages are rising; executive summary, trends and forecast, activity indicators, construction output by region, contractors' new orders, building cost index, labour and materials.
590 _aKA
651 4 _aUnited Kingdom
_y
690 _aBUILT ENVIRONMENT-CONSTRUCTION MARKET
942 _n0
999 _c83122
_d83122